LEADER 01319nam a2200265 i 4500 001 000000057903 003 CaOOAMICUS 005 20230926111559.0 008 060714s1986 it u000 u ita u 013 $a29075 040 $aSeMil$bita 100 1 $aLischetti, Angela.$0(OLS)http://semarc/name/29517 245 10$aIstituzioni Ecclesiastiche e vita religiosa in una Pieve Ambrosiana in età borromaica /$cCandidata : Angela Lischetti ; relatore : Ch.mo Prof. Attilio Agnoletto. 260 $a[S.l. :$bs.n.],$c1986. 300 $a296 c. ;$c30 cm. 500 $aContiene : Appendice ; Bibliografia ; Fonti manoscritte. - In testa al front : Università degli Studi di Milano. - Ai pie' del front : Anno Accademico 1985-86. 650 4$aBesozzo.$0(OLS)http://semarc/subject/10418 650 4$aBrebbia.$0(OLS)http://semarc/subject/10025 650 4$aTesi di laurea.$0(OLS)http://semarc/subject/1690 700 1 $aAgnoletto, Attilio,$d<1926-2006>.$0(OLS)http://semarc/name/4041 850 $aSeMil 852 $aSeMil$W1$xVenegono$y1$m4X I 40$j24057$B24057$CSeMilBibl$Z2$F24059 $8L 996 $6245$aIstituzioni Ecclesiastiche e vita religiosa in una Pieve Ambrosiana in età borromaica$9(OLS)http://semarc/title/90155 996 $6260$a[S.l. :$bs.n.]$9(OLS)http://semarc/publisher/29751 LEADER 00618nam a2200181 i 4500 001 000000225927 003 CaOOAMICUS 005 20131223000000.0 008 131223n it u000 u ita u 013 $a204829 040 $aSeMil$bita 245 10$aAlimentazione. 300 $a286 p. :$bill. 773 0 $tGuida alla prevenzione.$bEd. speciale per il Corriere della Sera.$dMilano : Corriere della Sera, 2008.$g10$w()29295 850 $aSeMil 852 $aSeMil$W1$xVenegono$y1$m3X II 10$j176273$B176273$CSeMilBibl$Z2$F187782 $81 961 $aOmaggio: Altro 996 $6245$aAlimentazione$9(OLS)http://semarc/title/323574